| 000 | 00465nam a22001697a 4500 | ||
|---|---|---|---|
| 003 | NUST - PNEC | ||
| 005 | 20170116180952.0 | ||
| 008 | 150908b xxu||||| |||| 00| 0 eng d | ||
| 020 | _a0471632694 | ||
| 040 | _cLIBRARY | ||
| 082 | _a621.3813 WOL | ||
| 100 |
_99183 _aWolff, Edward A. |
||
| 245 |
_aMicrowave engineering and systems applications _cEdward A. Wolff and Roger Kaul |
||
| 260 | _cc.1988 | ||
| 650 |
_99184 _aMicrowave devices _xEL |
||
| 942 |
_2ddc _cBK |
||
| 999 |
_c66447 _d66447 |
||